Wandervogel Histoire d'un mouvement de jeunesse
Guardat en:
| Autor principal: | |
|---|---|
| Format: | Llibre |
| Idioma: | anglès |
| Publicat: |
Parigi
Les Dioscures
1994
|
| Etiquetes: |
Sense etiquetes, Sigues el primer a etiquetar aquest registre!
|
MARC
| LEADER | 00000nam a2200000 4500 | ||
|---|---|---|---|
| 005 | 20241106192215.0 | ||
| 008 | 241106b |||||||| |||| 00| 0 eng d | ||
| 020 | |a 2873310200 | ||
| 040 | |c GP | ||
| 100 | |a Bluher, Hans | ||
| 245 | |a Wandervogel |b Histoire d'un mouvement de jeunesse | ||
| 260 | |a Parigi |b Les Dioscures |c 1994 | ||
| 942 | |2 ddc |c BK |n 0 | ||
| 952 | |0 0 |1 0 |2 ddc |4 0 |6 306_766000000000000_BLU |7 1 |9 2177 |a RM |b RM |d 2024-11-06 |l 0 |o 306.766 BLU |p 880 |r 2024-11-06 19:22:44 |w 2024-11-06 |y BK | ||
| 999 | |c 1916 |d 1916 | ||